000 00460nam a2200157 4500
001 132041
003 ES-MaACL
005 20230906194107.0
007 t|
008 070214s1981 sp r ||||1| spa d
100 1 _aRodríguez Rodríguez, Luis.
_998768
245 1 4 _aLos liberales lucenses
_b: (1808-1854) /
_cLuis Rodríguez Rodríguez.
260 _aA Coruña :
_bDo Castro,
_c1981.
300 _a239 p. ;
_c18 cm.
852 _aES-MaACL
_jL-2402
_bR.102947
999 _c132041
_d132041